[Event "Challenge"]
[Site "http://www.queenalice.com/game.php?id=39921"]
[Date "2005.11.26"]
[Round "-"]
[White "serse"]
[Black "icequeen"]
[Result "1-0"]
[WhiteElo "1597"]
[BlackElo "1022"]

1. e4 e5 2. Nf3 Nc6 3. Bb5 Nb4 4. O-O b6 5. Nxe5 f6 6. Qh5+ Ke7 7. Qf7+ Kd6 8.
Nc4+ Kc5 9. Nba3 Nh6 10. Qh5+ Kd4 11. c3+ Kxe4 12. Qf3# 1-0

[Event "Challenge from Dad"]
[Site "http://www.queenalice.com/game.php?id=40003"]
[Date "2005.11.26"]
[Round "-"]
[White "icequeen"]
[Black "swayne"]
[Result "0-1"]
[WhiteElo "1100"]
[BlackElo "1602"]

1. e4 e5 2. Nc3 Nf6 3. Bb5 a6 4. Bd3 Bc5 5. Ke2 O-O 6. Ke1 d6 7. Nf3 Ng4 8. h3
Nxf2 9. Ke2 Nxd1 10. Kxd1 Nc6 11. Bc4 b5 12. Bd5 Bb7 13. Nxb5 axb5 14. b3 Na5
15. Bxb7 Nxb7 16. Re1 Qf6 17. Ng1 Qf2 18. Rf1 Qxf1# 0-1

[Event "Challenge"]
[Site "http://www.queenalice.com/game.php?id=40285"]
[Date "2005.11.27"]
[Round "-"]
[White "rbaraldi"]
[Black "icequeen"]
[Result "1-0"]
[WhiteElo "1401"]
[BlackElo "985"]

1. e4 e5 2. d4 exd4 3. Qxd4 Be7 4. Nc3 Nf6 5. e5 Nh5 6. Be2 O-O 7. Bxh5 c6 8.
Ne4 Na6 9. Nf3 b6 10. Bf4 c5 11. Qd5 Kh8 12. Qxa8 h6 13. Qxa7 Nb4 14. O-O Rg8
15. c3 Nc6 16. Qa4 Nb8 17. Qb3 c4 18. Qxc4 Bb7 19. Bxf7 Rf8 20. g3 h5 21. Bxh5
Ba8 22. Neg5 Rf5 23. Rad1 Rxg5 24. Bxg5 Bxg5 25. h4 Bf6 26. exf6 gxf6 27. Rde1
f5 28. Re8+ Qxe8 29. Bxe8 Bxf3 30. Re1 d5 31. Qc8 Na6 32. Bb5+ Kh7 33. Qxf5+ Kh8
34. Bxa6 1-0

[Event "Challenge"]
[Site "http://www.queenalice.com/game.php?id=40498"]
[Date "2005.11.29"]
[Round "-"]
[White "Wifeykaz"]
[Black "icequeen"]
[Result "1-0"]
[WhiteElo "1183"]
[BlackElo "1007"]

1. e4 e5 2. Ne2 Nf6 3. f3 Bd6 4. d4 O-O 5. Nec3 Nc6 6. Bc4 h6 7. O-O exd4 8. Nb5
Bc5 9. e5 Nh5 10. c3 dxc3+ 11. Rf2 a6 12. N5xc3 b6 13. g4 Nf4 14. Bxf4 b5 15.
Bd5 a5 16. Nxb5 Rb8 17. g5 Ne7 18. e6 Kh8 19. Bxc7 Qe8 20. Bxb8 hxg5 21. Nd2
dxe6 22. Be4 Bb4 23. Nc4 Bd7 24. f4 gxf4 25. Qh5+ Kg8 26. Qh7# 1-0

[Event "Game of Chess"]
[Site "http://www.queenalice.com/game.php?id=40684"]
[Date "2005.11.30"]
[Round "-"]
[White "swayne"]
[Black "icequeen"]
[Result "1-0"]
[WhiteElo "1604"]
[BlackElo "1022"]

1. e4 e5 2. Nf3 Nf6 3. a3 Bc5 4. Bc4 O-O 5. h3 Nc6 6. O-O a6 7. d3 h6 8. b4 Bb6
9. c3 d6 10. a4 h5 11. Bg5 Nd7 12. Bxd8 Rxd8 13. Ng5 Nf8 14. Qf3 g6 15. Qxf7+
Kh8 16. Qg8# 1-0

[Event "Challenge"]
[Site "http://www.queenalice.com/game.php?id=40685"]
[Date "2005.11.30"]
[Round "-"]
[White "icequeen"]
[Black "swayne"]
[Result "0-1"]
[WhiteElo "1022"]
[BlackElo "1608"]

1. e4 e5 2. Nf3 Nc6 3. Bc4 h6 4. O-O Nf6 5. Nc3 Bc5 6. Na4 Bb4 7. b3 O-O 8. c3
Ba5 9. d3 a6 10. b4 Bb6 11. Bd2 d6 12. Nh4 Ng4 13. h3 Qxh4 14. Re1 Bxf2+ 15. Kh1
Bxe1 16. Bc1 Nf2+ 17. Kg1 Nxd1 18. b5 Qg3 19. Kf1 Qf2# 0-1

[Event "Challenge"]
[Site "http://www.queenalice.com/game.php?id=40686"]
[Date "2005.11.30"]
[Round "-"]
[White "swayne"]
[Black "icequeen"]
[Result "1-0"]
[WhiteElo "1606"]
[BlackElo "1022"]

1. e4 e5 2. Nf3 Nf6 3. a3 Bc5 4. b4 Bb6 5. Bc4 O-O 6. d3 Nc6 7. O-O d6 8. h3 a6
9. Bg5 h6 10. Bh4 Nh5 11. Bxd8 Rxd8 12. Nh4 Re8 13. Qxh5 Rf8 14. Nd2 g6 15. Qxh6
Re8 16. Qxg6+ Kf8 17. Qxf7# 1-0

[Event "Challenge"]
[Site "http://www.queenalice.com/game.php?id=44045"]
[Date "2005.12.18"]
[Round "-"]
[White "sniper2ss"]
[Black "icequeen"]
[Result "1-0"]
[WhiteElo "1789"]
[BlackElo "985"]

1. d4 e6 2. e3 Bb4+ 3. c3 Ba5 4. Na3 Nh6 5. Nc4 Bb6 6. Nxb6 cxb6 7. e4 O-O 8.
Bxh6 gxh6 9. Bd3 d6 10. Qc2 Nc6 11. e5 dxe5 12. Bxh7+ Kh8 13. Nf3 e4 14. Bxe4
Ne7 15. Qd2 Kg8 16. Qxh6 Re8 17. Bh7+ Kh8 18. Be4+ Kg8 19. Bh7+ Kh8 20. Ng5 b5
21. Qf6# 1-0

[Event "Challenge"]
[Site "http://www.queenalice.com/game.php?id=44046"]
[Date "2005.12.18"]
[Round "-"]
[White "icequeen"]
[Black "sniper2ss"]
[Result "0-1"]
[WhiteElo "985"]
[BlackElo "1793"]

1. e4 d5 2. f3 dxe4 3. fxe4 e5 4. Bb5+ c6 5. Ba4 Qh4+ 6. Kf1 Qxe4 7. d3 Qxa4 8.
b3 Qd4 9. c3 Qd8 10. Ne2 Qf6+ 11. Ke1 Bg4 12. h3 Bh5 13. Na3 Bxe2 14. Kxe2 Qg6
15. d4 Qxg2+ 16. Kd3 e4+ 17. Kc4 b5+ 18. Nxb5 cxb5+ 19. Kxb5 a6+ 20. Kc4 Nd7 21.
Re1 Nb6# 0-1

[Event "Challenge"]
[Site "http://www.queenalice.com/game.php?id=44364"]
[Date "2005.12.20"]
[Round "-"]
[White "icequeen"]
[Black "dlabedz"]
[Result "0-1"]
[WhiteElo "985"]
[BlackElo "1242"]

1. e4 e5 2. Bb5 c6 3. Bc4 b5 4. Bb3 Nf6 5. f3 d5 6. exd5 cxd5 7. d3 Nc6 8. Ne2
Bf5 9. O-O g5 10. f4 g4 11. a3 Nh5 12. a4 b4 13. fxe5 Be6 14. Nd2 a5 15. Nb1
Nxe5 16. Nd2 Bc5+ 17. Kh1 f5 18. Nb1 Qb6 19. Ra2 Rg8 20. d4 Bxd4 21. Nd2 Bc5 22.
g3 O-O-O 23. h3 gxh3 24. Nb1 Nxg3+ 25. Kh2 Rdf8 26. Rf4 Qd6 27. Kxh3 Nh5 28. Rf1
f4+ 29. Kh2 f3 30. Ng1 Ng4+ 31. Kh1 Ng3# 0-1

[Event "Let's Play Chess!"]
[Site "http://www.queenalice.com/game.php?id=44671"]
[Date "2005.12.22"]
[Round "-"]
[White "icequeen"]
[Black "ricardomat"]
[Result "0-1"]
[WhiteElo "985"]
[BlackElo "1633"]

1. e4 e5 2. Bb5 c6 3. Bc4 d5 4. Bb3 Nf6 5. Ne2 Nxe4 6. d3 Nc5 7. Ba4 Nxa4 8. O-O
Bd6 9. h3 O-O 10. a3 Qf6 11. Be3 Nxb2 12. Qd2 e4 13. dxe4 Nc4 14. Qe1 Nxe3 15.
fxe3 Qxa1 16. Nd4 dxe4 17. h4 c5 18. Nb3 Qe5 19. c3 Qh2+ 20. Kf2 Bg3+ 21. Ke2
Bxe1 22. Kxe1 Qxh4+ 23. Kd1 Qg4+ 24. Kd2 Qxg2+ 25. Kc1 Qxf1+ 26. Kb2 Qe2+ 27.
Ka1 Be6 28. Na5 Qa2# 0-1

[Event "Let's Play Chess!"]
[Site "http://www.queenalice.com/game.php?id=44957"]
[Date "2005.12.23"]
[Round "-"]
[White "icequeen"]
[Black "independent"]
[Result "1-0"]
[WhiteElo "960"]
[BlackElo "1397"]

1. e4 e5 2. Bb5 Nf6 3. f3 a6 4. Ba4 b5 5. Bb3 Nc6 6. Ne2 Bc5 7. d3 O-O 8. Bg5 h6
9. Bf4 exf4 10. e5 Nxe5 11. d4 Bxd4 12. Nxd4 1-0

[Event "Challenge"]
[Site "http://www.queenalice.com/game.php?id=46299"]
[Date "2006.1.3"]
[Round "-"]
[White "Deinyto"]
[Black "icequeen"]
[Result "1-0"]
[WhiteElo "1139"]
[BlackElo "975"]

1. e4 e5 2. Bc4 Nf6 3. Nc3 Be7 4. Nf3 O-O 5. O-O b6 6. Nxe5 Kh8 7. b3 h6 8. Bd5
Ba6 9. d3 c6 10. Bxf7 d6 11. Ng6+ Kh7 12. Nxf8+ Bxf8 13. g4 c5 14. Nd5 Nfd7 15.
Be6 Ne5 16. Bf5+ Kh8 17. Bb2 1-0

[Event "One"]
[Site "http://www.queenalice.com/game.php?id=58180"]
[Date "2006.3.19"]
[Round "-"]
[White "swayne"]
[Black "icequeen"]
[Result "1-0"]
[WhiteElo "1637"]
[BlackElo "960"]

1. e4 e5 2. d4 exd4 3. Qxd4 Nc6 4. Qd5 Nce7 5. Qc4 a5 6. Nf3 g5 7. Qd4 Nh6 8.
Qxh8 b6 9. Bc4 f6 10. Qxh7 Ng4 11. Bf7# 1-0

[Event "Two"]
[Site "http://www.queenalice.com/game.php?id=58181"]
[Date "2006.3.19"]
[Round "-"]
[White "icequeen"]
[Black "swayne"]
[Result "0-1"]
[WhiteElo "960"]
[BlackElo "1639"]

1. e4 e5 2. Nc3 Bc5 3. Nf3 Nc6 4. Bd3 Nf6 5. h4 d6 6. Rh3 Bxh3 7. gxh3 O-O 8. a3
a6 9. Ng1 Nd4 10. Na2 Nd7 11. c3 Qf6 12. a4 Ne6 13. f3 Bxg1 14. b3 Qxh4+ 15. Kf1
Qf2# 0-1